[Event "Austin Spring IM"]
[Site "Austin"]
[Date "2025.06.15"]
[Round "8"]
[White "Nguyen, James Le"]
[Black "Keleberda, Timur"]
[Result "0-1"]
[WhiteElo "2259"]
[BlackElo "2332"]
[PlyCount "90"]
[EventDate "2025.06.11"]
[EventType "tourn"]
[EventRounds "9"]
[EventCountry "USA"]
[SourceTitle "CB25_2025"]
[SourceDate "2025.06.18"]
[SourceVersion "1"]
[SourceVersionDate "2025.06.18"]
[SourceQuality "1"]

1. e4 e6 2. d4 d5 3. Nd2 Be7 4. e5 c5 5. c3 Nc6 6. Ngf3 f6 7. Bd3 Nh6 8. 0-0 Nf7 9. Re1 Qc7 10. Nf1 fxe5 11. dxe5 Bd7 12. h4 0-0-0 13. Bf4 Rdg8 14. Qd2 Qd8 15. Ng5 Nxg5 16. hxg5 g6 17. Nh2 h6 18. gxh6 g5 19. h7 Rg7 20. Bg3 Be8 21. Ng4 Bg6 22. Nf6 Bxd3 23. Qxd3 Bxf6 24. exf6 Rgxh7 25. f3 Qxf6 26. Kf2 Rh6 27. Re2 Qf5 28. Qb5 g4 29. Rae1 gxf3 30. gxf3 Qg5 31. Rg1 Rh3 32. f4 Qg4 33. Qd3 Rg8 34. Re3 d4 35. Re2 e5 36. fxe5 Rf8+ 37. Ke1 Rf3 38. Qc4 Rhxg3 39. Rh1 Rg1+ 40. Rxg1 Qxg1+ 41. Kd2 Qg5+ 42. Kd1 Rf1+ 43. Kc2 Qc1+ 44. Kd3 Qb1+ 45. Kd2 Qd1# 0-1

[Event "Austin Spring IM"]
[Site "Austin"]
[Date "2025.06.14"]
[Round "7"]
[White "Berczes, David"]
[Black "Nguyen, James Le"]
[Result "1-0"]
[WhiteElo "2397"]
[BlackElo "2259"]
[PlyCount "70"]
[EventDate "2025.06.11"]
[EventType "tourn"]
[EventRounds "9"]
[EventCountry "USA"]
[SourceTitle "CB25_2025"]
[SourceDate "2025.06.18"]
[SourceVersion "1"]
[SourceVersionDate "2025.06.18"]
[SourceQuality "1"]

1. Nf3 d5 2. g3 Nf6 3. Bg2 c6 4. 0-0 Bg4 5. h3 Bh5 6. c4 e6 7. d4 Nbd7 8. cxd5 exd5 9. Ne5 Bg6 10. Nc3 Nxe5 11. dxe5 Nd7 12. f4 f5 13. Kh2 Nc5 14. Be3 Ne6 15. Qb3 Qd7 16. Nxd5 cxd5 17. Bxd5 Nc5 18. e6 Nxb3 19. exd7+ Kxd7 20. Bxb3 Bd6 21. Bd4 b5 22. Rfd1 Rhd8 23. Bxg7 Ke7 24. Bh6 Re8 25. e4 fxe4 26. f5 Bh5 27. f6+ Kd7 28. Bf4 Bxd1 29. Rxd1 e3 30. Rxd6+ Kc7 31. Rd3+ Kc6 32. Rxe3 Rxe3 33. Bxe3 a5 34. f7 a4 35. Bxa4 Kd5 1-0

[Event "Austin Spring IM"]
[Site "Austin"]
[Date "2025.06.14"]
[Round "6"]
[White "Nguyen, James Le"]
[Black "Trey, Justin"]
[Result "0-1"]
[WhiteElo "2259"]
[BlackElo "1906"]
[PlyCount "68"]
[EventDate "2025.06.11"]
[EventType "tourn"]
[EventRounds "9"]
[EventCountry "USA"]
[SourceTitle "CB25_2025"]
[SourceDate "2025.06.18"]
[SourceVersion "1"]
[SourceVersionDate "2025.06.18"]
[SourceQuality "1"]

1. e4 c5 2. Nf3 Nc6 3. Bb5 g6 4. 0-0 Bg7 5. c3 e5 6. d4 cxd4 7. cxd4 exd4 8. Bf4 a6 9. Ba4 Nge7 10. Bd6 b5 11. Bb3 Bb7 12. Re1 Nc8 13. e5 Nxd6 14. exd6+ Kf8 15. h4 Bf6 16. h5 Kg7 17. Qd2 h6 18. Qf4 Rf8 19. Qg4 Bg5 20. hxg6 fxg6 21. Nxg5 hxg5 22. Nd2 Rf4 23. Qg3 Qf6 24. Rac1 Ne5 25. Bd1 Rf8 26. f3 g4 27. fxg4 Qxd6 28. Rf1 Rxf1+ 29. Nxf1 d3 30. Qe3 Nc4 31. Qa7 Qf4 32. Qxb7 Qf2+ 33. Kh1 Rh8+ 34. Nh2 Qe1# 0-1

[Event "Austin Spring IM"]
[Site "Austin"]
[Date "2025.06.13"]
[Round "5"]
[White "Melillo, Lucius"]
[Black "Nguyen, James Le"]
[Result "1/2-1/2"]
[WhiteElo "2170"]
[BlackElo "2259"]
[PlyCount "78"]
[EventDate "2025.06.11"]
[EventType "tourn"]
[EventRounds "9"]
[EventCountry "USA"]
[SourceTitle "CB25_2025"]
[SourceDate "2025.06.18"]
[SourceVersion "1"]
[SourceVersionDate "2025.06.18"]
[SourceQuality "1"]

1. e4 e5 2. Nf3 Nc6 3. Bc4 Nf6 4. d4 exd4 5. e5 d5 6. Bb5 Nd7 7. 0-0 Be7 8. c3 0-0 9. cxd4 f6 10. Nc3 Nb6 11. h3 Bf5 12. Be3 Nb4 13. Rc1 c6 14. Be2 Nc4 15. Qb3 Na5 16. Qd1 Nc4 17. Qb3 Nd3 18. Bxd3 Bxd3 19. exf6 Bxf6 20. Nxd5 Bxf1 21. Nxf6+ Qxf6 22. Kxf1 b5 23. Ne5 Rae8 24. Kg1 Qe6 25. Nxc4 bxc4 26. Qxc4 Qxc4 27. Rxc4 Re6 28. Ra4 Rf7 29. Ra6 Rfe7 30. Kf1 Kf7 31. Ke2 Rb7 32. b3 c5 33. Rxe6 Kxe6 34. dxc5 Kd5 35. Kd3 a5 36. Kc3 Rb5 37. Kd3 a4 38. Kc3 axb3 39. axb3 Ke5 1/2-1/2

[Event "Charlotte Spring IM-B"]
[Site "Charlotte"]
[Date "2025.04.17"]
[Round "3"]
[White "Nguyen, James Le"]
[Black "Rios Gomez, Cristhian Camilo"]
[Result "1/2-1/2"]
[WhiteElo "2186"]
[BlackElo "2382"]
[PlyCount "116"]
[EventDate "2025.04.16"]
[EventType "tourn"]
[EventRounds "9"]
[EventCountry "USA"]
[SourceTitle "CB17_2025"]
[SourceDate "2025.04.23"]
[SourceVersion "1"]
[SourceVersionDate "2025.04.23"]
[SourceQuality "1"]

1. e4 c5 2. Nf3 Nc6 3. Bb5 e6 4. 0-0 Nge7 5. Re1 Nd4 6. Nxd4 cxd4 7. c3 a6 8. Bf1 Nc6 9. b4 Bd6 10. Bb2 Qc7 11. g3 Be5 12. f4 Bf6 13. e5 Be7 14. a3 b5 15. Qf3 Bb7 16. Qf2 dxc3 17. dxc3 g5 18. Bc1 h5 19. Bg2 h4 20. Be3 d6 21. exd6 Bxd6 22. Nd2 hxg3 23. hxg3 gxf4 24. gxf4 Ne7 25. Bb6 Qc8 26. Ne4 Bxe4 27. Bxe4 Rg8+ 28. Kf1 Qc4+ 29. Qe2 Rc8 30. Qxc4 Rxc4 31. Rad1 Bc7 32. Bd4 Rg4 33. Bb7 Rxf4+ 34. Ke2 Nd5 35. Bxd5 exd5 36. Kd3+ Kd7 37. Rf1 f6 38. Rxf4 Bxf4 39. Bxf6 Bd6 40. Bd4 Rc7 41. Ra1 Rb7 42. a4 Rb8 43. axb5 axb5 44. Ra6 Rb7 45. Be3 Be5 46. Bc5 Rb8 47. Ra7+ Ke6 48. Re7+ Kf6 49. Rd7 Ke6 50. Re7+ Kf6 51. Rh7 Rg8 52. Rh6+ Rg6 53. Rh3 Rg3+ 54. Rxg3 Bxg3 55. Kd4 Ke6 56. Kd3 Bf4 57. Bd4 Bg3 58. Bc5 Ke5 1/2-1/2

[Event "Budapest SixDays 07 IM-A"]
[Site "Budapest"]
[Date "2024.08.01"]
[Round "6"]
[White "Nguyen, James Le"]
[Black "Talwalkar, Vedant"]
[Result "1-0"]
[WhiteElo "2206"]
[BlackElo "2094"]
[PlyCount "107"]
[EventDate "2024.07.29"]
[EventType "tourn"]
[EventRounds "9"]
[EventCountry "HUN"]
[SourceTitle "CBM 221 Extra"]
[Source "ChessBase"]
[SourceDate "2024.09.30"]
[SourceVersion "1"]
[SourceVersionDate "2024.09.30"]
[SourceQuality "1"]

1. e4 e5 2. Nf3 Nc6 3. Bb5 a6 4. Ba4 Nf6 5. d3 b5 6. Bb3 Bc5 7. c3 d6 8. 0-0 0-0 9. Bg5 h6 10. Bh4 g5 11. Bg3 Bb6 12. a4 Bg4 13. h3 Bd7 14. Re1 Re8 15. Nbd2 Ne7 16. Nf1 Ng6 17. Ne3 Nf4 18. Bxf4 gxf4 19. Nd5 Nxd5 20. Bxd5 c6 21. Bb3 Qf6 22. axb5 axb5 23. Rxa8 Rxa8 24. d4 Rd8 25. Qd3 Kh8 26. Rd1 Qg6 27. dxe5 Rg8 28. Ne1 Qg3 29. Qxg3 fxg3 30. Nf3 gxf2+ 31. Kf1 Rg3 32. e6 fxe6 33. Rxd6 Be8 34. Rxe6 Bd7 35. Rxh6+ Kg7 36. Rh5 b4 37. Rg5+ Rxg5 38. Nxg5 bxc3 39. bxc3 Bc8 40. Bc4 Ba5 41. Kxf2 Bxc3 42. Nf3 Kf6 43. Ke3 c5 44. Kf4 Bb7 45. g4 Bb2 46. e5+ Ke7 47. Nh4 Bc1+ 48. Kf5 Bc8+ 49. e6 Bh6 50. Ng6+ Ke8 51. Kf6 Bf8 52. Nxf8 Kxf8 53. e7+ Ke8 54. Bf7+ 1-0

[Event "Budapest Lengyel Memorial IM 2nd"]
[Site "Budapest"]
[Date "2024.07.26"]
[Round "8"]
[White "Nguyen, James Le"]
[Black "Kustar, Sandor"]
[Result "1/2-1/2"]
[WhiteElo "2206"]
[BlackElo "2347"]
[PlyCount "166"]
[EventDate "2024.07.22"]
[EventType "tourn"]
[EventRounds "9"]
[EventCountry "HUN"]
[SourceTitle "CBM 221 Extra"]
[Source "ChessBase"]
[SourceDate "2024.09.30"]
[SourceVersion "1"]
[SourceVersionDate "2024.09.30"]
[SourceQuality "1"]

1. e4 Nf6 2. e5 Nd5 3. d4 d6 4. c4 Nb6 5. exd6 cxd6 6. Nc3 g6 7. Be3 Bg7 8. Rc1 0-0 9. b3 Bf5 10. h3 d5 11. c5 N6d7 12. g4 Be6 13. Bg2 Nc6 14. Nge2 b6 15. Nxd5 bxc5 16. dxc5 Qa5+ 17. Qd2 Qxd2+ 18. Bxd2 Nde5 19. Ndf4 Rab8 20. Bxc6 Nxc6 21. Nxe6 fxe6 22. Be3 Nb4 23. 0-0 Nxa2 24. Rc4 Rb4 25. c6 Rc8 26. Rd1 Kf7 27. Bxa7 Rxb3 28. c7 Rb7 29. Bb8 Rbxb8 30. cxb8Q Rxb8 31. Rd3 g5 32. Kg2 Rb2 33. Ng3 Nb4 34. Rf3+ Bf6 35. Ne4 Kg6 36. Nc5 Nc6 37. Na4 Ra2 38. Rxc6 Rxa4 39. Rxe6 h5 40. Kg3 hxg4 41. hxg4 Ra1 42. Re4 Kf7 43. Rc4 Kg6 44. Rd3 Rh1 45. Rb4 Rc1 46. Kf3 Ra1 47. Rdb3 Rc1 48. Ke4 Rd1 49. f3 Kf7 50. Rd3 Rf1 51. Kd5 Ra1 52. Kc6 Rc1+ 53. Kd5 Rf1 54. Re4 Rc1 55. Ra4 Rc2 56. Ke4 Kg6 57. Ke3 Rc6 58. Kf2 Rb6 59. Kg2 Rb5 60. Re4 Ra5 61. Rde3 Ra6 62. Re2 Ra3 63. Kg3 Ra1 64. Re6 Ra4 65. R2e4 Ra3 66. Re3 Ra1 67. Rxe7 Bxe7 68. Rxe7 Ra3 69. Kf2 Ra2+ 70. Re2 Ra3 71. Re3 Ra2+ 72. Re2 Ra3 73. Rd2 Kf6 74. Ke2 Rb3 75. Rd3 Rb1 76. Ke3 Rb6 77. Ke4 Ra6 78. Rb3 Kg6 79. Ke5 Rc6 80. Rd3 Rc5+ 81. Ke4 Rc4+ 82. Ke5 Rf4 83. Rd6+ Kg7 1/2-1/2

[Event "Budapest Lengyel Memorial IM 2nd"]
[Site "Budapest"]
[Date "2024.07.25"]
[Round "6"]
[White "Nguyen, James Le"]
[Black "To, Nhat Minh"]
[Result "1/2-1/2"]
[WhiteElo "2206"]
[BlackElo "2323"]
[PlyCount "56"]
[EventDate "2024.07.22"]
[EventType "tourn"]
[EventRounds "9"]
[EventCountry "HUN"]
[SourceTitle "CBM 221 Extra"]
[Source "ChessBase"]
[SourceDate "2024.09.30"]
[SourceVersion "1"]
[SourceVersionDate "2024.09.30"]
[SourceQuality "1"]

1. e4 c5 2. Nf3 e6 3. c3 d5 4. exd5 Qxd5 5. d4 Nf6 6. Bd3 cxd4 7. cxd4 Be7 8. Nc3 Qd6 9. 0-0 0-0 10. Bc2 Nc6 11. a3 Rd8 12. Be3 b6 13. Qd3 Bb7 14. Rad1 g6 15. Rfe1 Rac8 16. h3 Qc7 17. Qe2 Nd5 18. Nxd5 Rxd5 19. Bb3 Rf5 20. d5 exd5 21. Bxd5 Rd8 22. Bxc6 Rxd1 23. Rxd1 Bxc6 24. Nd4 Rd5 25. Rc1 Rc5 26. Rxc5 Bxc5 27. Nxc6 Bxe3 28. Qxe3 Qxc6 1/2-1/2

[Event "Budapest Lengyel Memorial IM 2nd"]
[Site "Budapest"]
[Date "2024.07.24"]
[Round "5"]
[White "Hong, Pearson"]
[Black "Nguyen, James Le"]
[Result "1/2-1/2"]
[WhiteElo "2091"]
[BlackElo "2206"]
[PlyCount "81"]
[EventDate "2024.07.22"]
[EventType "tourn"]
[EventRounds "9"]
[EventCountry "HUN"]
[SourceTitle "CBM 221 Extra"]
[Source "ChessBase"]
[SourceDate "2024.09.30"]
[SourceVersion "1"]
[SourceVersionDate "2024.09.30"]
[SourceQuality "1"]

1. Nf3 d5 2. e3 Nf6 3. c4 e6 4. b3 b6 5. Bb2 Bb7 6. cxd5 exd5 7. Be2 Bd6 8. 0-0 0-0 9. Nc3 a6 10. Rc1 Nbd7 11. d4 Qe7 12. Qc2 Rae8 13. Rfd1 g6 14. Bd3 Ne4 15. Qe2 Ra8 16. Nd2 f5 17. f3 Nxd2 18. Qxd2 Nf6 19. Rf1 Rae8 20. Rce1 Qg7 21. g3 h5 22. Qg2 Re7 23. e4 dxe4 24. fxe4 Rfe8 25. d5 Bc5+ 26. Kh1 Ng4 27. d6 cxd6 28. Nd5 Bd4 29. Nxe7+ Rxe7 30. Bc1 fxe4 31. Bxe4 Bxe4 32. Rxe4 Rxe4 33. Qxe4 Nf2+ 34. Rxf2 Bxf2 35. Kg2 Bc5 36. Qa8+ Qf8 37. Qd5+ Kh7 38. Qb7+ Kg8 39. Qd5+ Qf7 40. Qa8+ Qf8 41. Qd5+ 1/2-1/2

[Event "San Francisco 1000 GM Memorial Day"]
[Site "San Francisco"]
[Date "2024.05.27"]
[Round "9"]
[White "Strikovic, Aleksa"]
[Black "Nguyen, James Le"]
[Result "1-0"]
[WhiteElo "2418"]
[BlackElo "2136"]
[PlyCount "81"]
[EventDate "2024.05.23"]
[EventType "swiss"]
[EventRounds "9"]
[EventCountry "USA"]
[SourceTitle "CBM 220 Extra"]
[Source "ChessBase"]
[SourceDate "2024.07.31"]
[SourceVersion "1"]
[SourceVersionDate "2024.07.31"]
[SourceQuality "1"]

1. c4 e6 2. Nf3 d5 3. b3 Nf6 4. Bb2 Be7 5. g3 0-0 6. Bg2 c5 7. cxd5 exd5 8. d4 Nc6 9. 0-0 Ne4 10. Nc3 Bf5 11. dxc5 Nxc3 12. Bxc3 Bxc5 13. Nd4 Bg6 14. Qd2 Re8 15. e3 Bb6 16. Rfd1 Be4 17. Bxe4 dxe4 18. Nxc6 Qxd2 19. Rxd2 bxc6 20. Rc1 Rad8 21. Rdc2 Re6 22. Bb2 Rc8 23. b4 f5 24. b5 c5 25. Bd4 Re7 26. a4 Rec7 27. Bc3 Rd7 28. Bb4 Rcd8 29. Bxc5 Rd1+ 30. Kg2 Rxc1 31. Rxc1 Rd2 32. Bxb6 axb6 33. Rc8+ Kf7 34. Rc7+ Kf6 35. Rc6+ Kg5 36. Rxb6 Ra2 37. Ra6 g6 38. b6 Rb2 39. a5 h5 40. h4+ Kh6 41. Ra8 1-0

[Event "San Francisco 1000 GM Memorial Day"]
[Site "San Francisco"]
[Date "2024.05.25"]
[Round "4"]
[White "Nguyen, James Le"]
[Black "Cerveny, Martin"]
[Result "1-0"]
[WhiteElo "2136"]
[BlackElo "2367"]
[PlyCount "121"]
[EventDate "2024.05.23"]
[EventType "swiss"]
[EventRounds "9"]
[EventCountry "USA"]
[SourceTitle "CBM 220 Extra"]
[Source "ChessBase"]
[SourceDate "2024.07.31"]
[SourceVersion "1"]
[SourceVersionDate "2024.07.31"]
[SourceQuality "1"]

1. e4 c5 2. Nf3 a6 3. c3 d5 4. exd5 Qxd5 5. d4 Nf6 6. Be2 e6 7. 0-0 Nc6 8. h3 cxd4 9. cxd4 Be7 10. Nc3 Qd6 11. a3 0-0 12. Bc4 b5 13. Bb3 Rd8 14. Be3 Bb7 15. Qe2 Rac8 16. Rad1 Na5 17. Bc2 Nc4 18. Bc1 Nxa3 19. Bd3 Nc4 20. Rfe1 b4 21. Na4 Bxf3 22. Qxf3 Qc6 23. Qxc6 Rxc6 24. Nc5 Na5 25. Bxa6 Bxc5 26. dxc5 Rxd1 27. Rxd1 Nd5 28. Bd3 f5 29. Bxf5 Nb3 30. Be4 Rxc5 31. Bg5 h6 32. Bh4 Kf7 33. f3 Ra5 34. Be1 Rb5 35. Bd3 Rc5 36. Bf2 Rc7 37. Bb1 Nd2 38. Bd3 Nc4 39. Bd4 Nf4 40. Bf1 Nd5 41. Rc1 Nd2 42. Rxc7+ Nxc7 43. Bd3 Nd5 44. Be5 Nb3 45. Bd6 Nd4 46. Kf2 Kf6 47. Be4 b3 48. f4 Nc6 49. Ke2 g5 50. fxg5+ hxg5 51. Kd3 Na5 52. Kd4 Nc6+ 53. Kc5 Ne5 54. Kd4 Nc6+ 55. Kc4 Na5+ 56. Kb5 Nb7 57. Bg3 Ke7 58. Bxd5 exd5 59. Kc6 d4 60. Kxb7 Ke6 61. Kc6 1-0

[Event "San Francisco 1000 GM Memorial Day"]
[Site "San Francisco"]
[Date "2024.05.24"]
[Round "2"]
[White "Tang, Zoey"]
[Black "Nguyen, James Le"]
[Result "1/2-1/2"]
[WhiteElo "2264"]
[BlackElo "2136"]
[PlyCount "134"]
[EventDate "2024.05.23"]
[EventType "swiss"]
[EventRounds "9"]
[EventCountry "USA"]
[SourceTitle "CBM 220 Extra"]
[Source "ChessBase"]
[SourceDate "2024.07.31"]
[SourceVersion "1"]
[SourceVersionDate "2024.07.31"]
[SourceQuality "1"]

1. d4 d5 2. c4 e6 3. Nc3 Nf6 4. cxd5 exd5 5. Bg5 Be7 6. e3 0-0 7. Bd3 Nbd7 8. Qc2 c6 9. Nf3 h6 10. Bf4 Re8 11. h3 Nf8 12. 0-0 Bd6 13. Bxd6 Qxd6 14. Rab1 Be6 15. b4 N8d7 16. a4 Re7 17. Nh4 g5 18. Nf5 Bxf5 19. Bxf5 Nb6 20. Qd3 Rae8 21. a5 Nc4 22. e4 Qf4 23. e5 Nd7 24. Rfd1 Ndxe5 25. dxe5 Rxe5 26. Bd7 R8e7 27. Bg4 Nb2 28. g3 Nxd3 29. gxf4 Nxf4 30. Kh2 a6 31. Na4 h5 32. Bf3 f5 33. Rb2 g4 34. Bg2 h4 35. Nc5 Ne2 36. Nd3 g3+ 37. Kh1 R5e6 38. Bf1 Nc3 39. Rc1 Ne4 40. Nc5 Rg6 41. Nxe4 dxe4 42. fxg3 hxg3 43. Bc4+ Kg7 44. Rf1 Kf6 45. Kg2 Ke5 46. Be2 f4 47. Rd2 Rg8 48. Bg4 Rh7 49. Rfd1 Rxg4 50. hxg4 Rh2+ 51. Kg1 Rxd2 52. Rxd2 f3 53. Rd8 e3 54. Kf1 g2+ 55. Kg1 Ke4 56. g5 e2 57. Re8+ Kf4 58. Kf2 Kxg5 59. Re7 Kf4 60. Re8 Kf5 61. Re3 Kg4 62. Re4+ Kf5 63. Re8 Kf4 64. Re7 Kf5 65. Re3 Kg4 66. Re5 Kf4 67. Re8 Kf5 1/2-1/2

[Event "Charlotte op"]
[Site "Charlotte"]
[Date "2024.01.15"]
[Round "5"]
[White "Joseph, Jonath"]
[Black "Nguyen, James Le"]
[Result "0-1"]
[WhiteElo "2149"]
[BlackElo "2135"]
[PlyCount "94"]
[EventDate "2024.01.05"]
[EventType "swiss"]
[EventRounds "6"]
[EventCountry "USA"]
[SourceTitle "CBM 218 Extra"]
[Source "ChessBase"]
[SourceDate "2024.03.31"]
[SourceVersion "1"]
[SourceVersionDate "2024.03.31"]
[SourceQuality "1"]

1. e4 e5 2. Nc3 Nf6 3. f4 d5 4. fxe5 Nxe4 5. Qf3 Nc6 6. Bb5 Nxc3 7. dxc3 Qh4+ 8. g3 Qe4+ 9. Qxe4 dxe4 10. Bf4 Bd7 11. Bc4 Be7 12. 0-0-0 g5 13. e6 fxe6 14. Bxc7 Rc8 15. Bd6 Bxd6 16. Rxd6 Ke7 17. Rd1 Ne5 18. Be2 Bc6 19. Nh3 h6 20. Rhe1 Rhf8 21. Bf1 Nf3 22. Re2 Rcd8 23. Rxd8 Kxd8 24. Bg2 Ke7 25. Nf2 Ng1 26. Re1 Rxf2 27. Rxg1 g4 28. h3 h5 29. hxg4 hxg4 30. Bh1 Kf6 31. Re1 Ke5 32. Kd1 Rh2 33. Kc1 Rh3 34. Rg1 e3 35. Bxc6 bxc6 36. Kd1 Rh2 37. b4 Ke4 38. c4 Kd4 39. Re1 Rg2 40. b5 cxb5 41. c5 Rd2+ 42. Kc1 Ke4 43. Rf1 Rf2 44. Rd1 Rf5 45. c6 e2 46. Re1 Ke3 47. c7 Rc5 0-1

[Event "US Masters op"]
[Site "Charlotte"]
[Date "2023.11.22"]
[Round "1"]
[White "Nguyen, James Le"]
[Black "Batsuren, Dambasuren"]
[Result "0-1"]
[WhiteElo "2175"]
[BlackElo "2524"]
[PlyCount "64"]
[EventDate "2023.11.22"]
[EventType "swiss"]
[EventRounds "9"]
[EventCountry "USA"]
[SourceTitle "CBM 217 Extra"]
[Source "ChessBase"]
[SourceDate "2024.01.31"]
[SourceVersion "1"]
[SourceVersionDate "2024.01.31"]
[SourceQuality "1"]

1. e4 e5 2. Nf3 Nc6 3. Bb5 Nge7 4. c3 a6 5. Ba4 g6 6. d4 exd4 7. cxd4 b5 8. Bb3 Bg7 9. d5 Na5 10. Bd2 c5 11. Bc3 Bxc3+ 12. Nxc3 d6 13. 0-0 0-0 14. Re1 b4 15. Ne2 Nxb3 16. Qxb3 a5 17. a4 Ba6 18. Rac1 Re8 19. Nf4 Nc8 20. e5 Nb6 21. e6 Qf6 22. exf7+ Qxf7 23. Ne6 Qf5 24. Nc7 Rxe1+ 25. Rxe1 Bc4 26. Qd1 Rf8 27. Qd2 Nxd5 28. Ne6 Re8 29. Neg5 Nf6 30. h3 h6 31. g4 Rxe1+ 32. Qxe1 Qf4 0-1

[Event "Fort Lauderdale 1000 GM IM 08"]
[Site "Fort Lauderdale"]
[Date "2023.08.06"]
[Round "8"]
[White "Nguyen, James Le"]
[Black "Barrientos Chavarriaga, Sergio E"]
[Result "1/2-1/2"]
[WhiteElo "2131"]
[BlackElo "2469"]
[PlyCount "222"]
[EventDate "2023.08.02"]
[EventType "tourn"]
[EventRounds "9"]
[EventCountry "USA"]
[SourceTitle "CBM 215 Extra"]
[Source "ChessBase"]
[SourceDate "2023.09.30"]
[SourceVersion "1"]
[SourceVersionDate "2023.09.30"]
[SourceQuality "1"]

1. e4 c5 2. Nf3 Nc6 3. Bb5 g6 4. Bxc6 bxc6 5. 0-0 Bg7 6. Re1 Nh6 7. h3 0-0 8. d3 d6 9. e5 Nf5 10. c4 Nd4 11. Bf4 f6 12. exd6 e5 13. Bd2 Qxd6 14. Nc3 Bf5 15. Ne4 Bxe4 16. dxe4 Nxf3+ 17. gxf3 f5 18. Be3 Qe6 19. Bxc5 Rf6 20. Qb3 fxe4 21. fxe4 Bf8 22. Bxf8 Raxf8 23. c5 Qxb3 24. axb3 Rxf2 25. Rxa7 Rxb2 26. Rd1 Rxb3 27. Kg2 Rb2+ 28. Kg3 Rbf2 29. Rdd7 R8f3+ 30. Kg4 Rf7 31. Rxf7 Rxf7 32. Ra6 Rf4+ 33. Kg5 Kg7 34. Ra7+ Rf7 35. Ra6 h6+ 36. Kg4 Rf4+ 37. Kg3 Rxe4 38. Rxc6 Rc4 39. Rc8 Kf6 40. c6 Rc3+ 41. Kg2 Rc2+ 42. Kf3 Rc4 43. c7 Kg5 44. Kg3 Rc3+ 45. Kg2 h5 46. Re8 Rc2+ 47. Kg3 Rc3+ 48. Kg2 Rxc7 49. Rxe5+ Kf4 50. Re2 Rc3 51. Rf2+ Kg5 52. Rd2 Re3 53. Rd6 Kf5 54. Ra6 Re4 55. Kf3 Rf4+ 56. Kg3 Re4 57. Kf3 Re5 58. h4 Rb5 59. Ra3 Rd5 60. Rb3 Ke5 61. Re3+ Kf6 62. Ra3 Rd4 63. Ra6+ Kf7 64. Ra7+ Kf8 65. Ra8+ Ke7 66. Ra7+ Kd8 67. Ra8+ Kc7 68. Kg3 Rg4+ 69. Kh3 Kb6 70. Rc8 Kb5 71. Rc7 Rd4 72. Kg3 Rg4+ 73. Kh3 Kb6 74. Rc8 Rd4 75. Kg3 Re4 76. Kh3 Re3+ 77. Kg2 Kb5 78. Kf2 Re4 79. Kg3 Kb4 80. Rc6 Rg4+ 81. Kh3 Kb3 82. Rc7 Rc4 83. Rg7 Rc6 84. Kg3 Rf6 85. Rc7 Kb4 86. Rc8 Kb5 87. Rc7 Kb6 88. Rc8 Rf1 89. Kg2 Kb7 90. Rc4 Rf5 91. Kg3 Rf7 92. Rf4 Rc7 93. Rf6 Rc1 94. Kh3 Rg1 95. Kh2 Rg4 96. Kh3 Kc7 97. Ra6 Kd7 98. Rb6 Ke7 99. Ra6 Kf7 100. Rb6 Re4 101. Kg3 Re6 102. Rb3 Kf6 103. Rf3+ Ke5 104. Ra3 Rd6 105. Re3+ Kd4 106. Re8 Rf6 107. Re7 Rf1 108. Rd7+ Ke5 109. Re7+ Kf6 110. Ra7 Rg1+ 111. Kh3 Re1 1/2-1/2

[Event "Fort Lauderdale 1000 GM IM 08"]
[Site "Fort Lauderdale"]
[Date "2023.08.05"]
[Round "6"]
[White "Nguyen, James Le"]
[Black "Zaloznyy, Mike"]
[Result "1-0"]
[WhiteElo "2131"]
[BlackElo "2172"]
[PlyCount "71"]
[EventDate "2023.08.02"]
[EventType "tourn"]
[EventRounds "9"]
[EventCountry "USA"]
[SourceTitle "CBM 215 Extra"]
[Source "ChessBase"]
[SourceDate "2023.09.30"]
[SourceVersion "1"]
[SourceVersionDate "2023.09.30"]
[SourceQuality "1"]

1. e4 d6 2. d4 Nf6 3. Nc3 e5 4. Nf3 Nbd7 5. Bc4 Be7 6. a4 c6 7. 0-0 0-0 8. Ba2 a5 9. h3 Qc7 10. d5 Nb6 11. Be3 cxd5 12. exd5 Bd7 13. Nb5 Bxb5 14. axb5 Nc4 15. Bc1 Qc5 16. b3 Nb6 17. c4 a4 18. Be3 Qc7 19. b4 Nxc4 20. Qc2 Rfc8 21. Rfc1 Nxd5 22. Bxc4 Nxe3 23. Bxf7+ Kxf7 24. Qxc7 Rxc7 25. Rxc7 Nd5 26. Rxb7 Ke8 27. b6 e4 28. Nd2 Nc3 29. Rc7 Rb8 30. Rxc3 Bf6 31. Nxe4 Bxc3 32. Nxc3 Rxb6 33. Rxa4 Kf7 34. b5 Ke6 35. Kf1 d5 36. Ra6 1-0

[Event "Fort Lauderdale 1000 GM IM 08"]
[Site "Fort Lauderdale"]
[Date "2023.08.04"]
[Round "4"]
[White "Nguyen, James Le"]
[Black "Ren, Jesse"]
[Result "1/2-1/2"]
[WhiteElo "2131"]
[BlackElo "2146"]
[PlyCount "95"]
[EventDate "2023.08.02"]
[EventType "tourn"]
[EventRounds "9"]
[EventCountry "USA"]
[SourceTitle "CBM 215 Extra"]
[Source "ChessBase"]
[SourceDate "2023.09.30"]
[SourceVersion "1"]
[SourceVersionDate "2023.09.30"]
[SourceQuality "1"]

1. e4 e5 2. Nf3 Nc6 3. Bb5 Nf6 4. d3 Bc5 5. c3 d5 6. exd5 Qxd5 7. Bc4 Qd6 8. Nbd2 0-0 9. 0-0 a5 10. Ng5 Bf5 11. Nde4 Bxe4 12. Nxe4 Nxe4 13. dxe4 Bxf2+ 14. Kh1 Qxd1 15. Rxd1 h6 16. b3 Bc5 17. Rd5 Bd6 18. Be3 Rfd8 19. Rf1 Rd7 20. Bb5 f6 21. c4 Rdd8 22. Rfd1 Nb4 23. R5d2 Be7 24. Bd7 Kf8 25. Kg1 Na6 26. Rd5 b6 27. Kf1 Bc5 28. Bc6 Rxd5 29. Rxd5 Rb8 30. Bd2 Bd6 31. Ke2 Ke7 32. Rd3 Rd8 33. Rg3 Kf8 34. Bd5 Nb8 35. Be3 Bc5 36. Bd2 c6 37. Be6 Na6 38. Bf5 Nc7 39. h4 Rd6 40. h5 Ne6 41. Bxe6 Rxe6 42. Rd3 Bd4 43. Kf3 Kf7 44. Kg4 c5 45. Kf5 Re8 46. Rg3 a4 47. bxa4 Ra8 48. Ra3 1/2-1/2

[Event "Fort Lauderdale 1000 GM IM 08"]
[Site "Fort Lauderdale"]
[Date "2023.08.03"]
[Round "2"]
[White "Matta, Nicholas F"]
[Black "Nguyen, James Le"]
[Result "1-0"]
[WhiteElo "2253"]
[BlackElo "2131"]
[PlyCount "29"]
[EventDate "2023.08.02"]
[EventType "tourn"]
[EventRounds "9"]
[EventCountry "USA"]
[SourceTitle "CBM 215 Extra"]
[Source "ChessBase"]
[SourceDate "2023.09.30"]
[SourceVersion "1"]
[SourceVersionDate "2023.09.30"]
[SourceQuality "1"]

1. d4 d5 2. c4 e6 3. Nf3 Nf6 4. g3 Bb4+ 5. Nbd2 dxc4 6. Bg2 b5 7. a4 Bb7 8. axb5 0-0 9. 0-0 c3 10. bxc3 Bxc3 11. Ra4 Qd5 12. Nb1 Ne4 13. Ng5 Nxg5 14. Bxd5 Bxd5 15. Bxg5 1-0

[Event "Fort Lauderdale 1000 GM IM 08"]
[Site "Fort Lauderdale"]
[Date "2023.08.02"]
[Round "1"]
[White "Nguyen, James Le"]
[Black "Mahajan, Rushaan"]
[Result "1/2-1/2"]
[WhiteElo "2131"]
[BlackElo "2228"]
[PlyCount "102"]
[EventDate "2023.08.02"]
[EventType "tourn"]
[EventRounds "9"]
[EventCountry "USA"]
[SourceTitle "CBM 215 Extra"]
[Source "ChessBase"]
[SourceDate "2023.09.30"]
[SourceVersion "1"]
[SourceVersionDate "2023.09.30"]
[SourceQuality "1"]

1. e4 c6 2. d4 d5 3. Nc3 dxe4 4. Nxe4 Nf6 5. Nxf6+ exf6 6. Be3 Bd6 7. Bd3 0-0 8. Ne2 Bf5 9. 0-0 Bxd3 10. Qxd3 Na6 11. a3 Qc7 12. h3 Rad8 13. c4 Nc5 14. Qc2 Ne6 15. Rad1 Rd7 16. Rd2 g6 17. Rfd1 Ng7 18. Bh6 Re8 19. Bxg7 Kxg7 20. Nc3 Rde7 21. Kf1 Bf4 22. Re2 Rxe2 23. Nxe2 Bg5 24. g3 f5 25. Qd3 Bf6 26. Nc3 Qb6 27. Na4 Qc7 28. Nc3 Qb6 29. b4 Qa6 30. Ne2 h5 31. h4 Rc8 32. Qb3 b5 33. c5 Rd8 34. d5 cxd5 35. Rxd5 Re8 36. Rd7 Re7 37. Rxe7 Bxe7 38. Nf4 Bf6 39. Kg2 Be5 40. Qd5 Bb8 41. Qf3 Kh7 42. Nd5 Qc6 43. Nc3 Qe8 44. Qd5 a6 45. Qb7 Kg7 46. Qxa6 Qe1 47. Qb7 Bxg3 48. fxg3 Qd2+ 49. Kf1 Qxc3 50. Qxb5 Qf3+ 51. Ke1 Qxg3+ 1/2-1/2